Tribhuvan University Central Library
Normal view MARC view
  • Sales tax

Entry Topical Term

Number of records used in: 3

001 - CONTROL NUMBER

  • control field: 4792

003 - CONTROL NUMBER IDENTIFIER

  • control field: OSt

005 - DATE AND TIME OF LATEST TRANSACTION

  • control field: 20101216161616.0

008 - FIXED-LENGTH DATA ELEMENTS

  • fixed length control field: 101216|||a|||||| | ||| d

040 ## - CATALOGING SOURCE

  • Original cataloging agency: OSt
  • Transcribing agency: OSt

150 ## - HEADING--TOPICAL TERM

  • Topical term or geographic name as entry element: Sales tax

670 ## - SOURCE DATA FOUND

  • Source citation: Work cat.: (OSt): Prentice Hall's federal taxation 4791, Prentice Hall's federal taxation, 1989, 1988

670 ## - SOURCE DATA FOUND

  • Source citation: Work cat.: (OSt): Prentice Hall's federal taxation 4791, Prentice Hall's federal taxation, 1989, 1988